00819nam a22001937a 4500999001900000005001700019010001500036020002700051035001400078037000900092082001200101100002300113245010700136260006700243270012200310300002800432942002600460952013900486 c185562d18556220220204110545.0 aENG-131399 a9789389552317c1129.00 aEN-114931 bDBAD a004.076 aSoper, Mark Edward aIT FUNDAMENTALS+ FCO-U61:bCert Guide Lern, Prepare, and practice for exam success/cMark Edward Soper aUttar PradeshbPearson India Education Services Pvt. Ltdc2022 a15th Floor, Tower-B, World Trade, Plot No. 1, Block-C, Sector 16, bNoidae201301mcompanysecretary.india@pearson.com a810p.bIndexc24cm(pbk) 2ddccENh004.076mSOP 001040708NFICaAVbAVd2022-02-04eDBAD/PUBg1129.00l3m1o004.076 SOPpEN-114931r2023-04-17 00:00:00s2023-04-03t1v1129.00yEN